LEADER 01119nam a2200265 u 4500 001 000000039947 003 CaOOAMICUS 005 20070226114040.0 008 980520s1992 ag u000 u spa u 035 $a10795531 040 $aPUL(R)$bita 110 1 $aArgentina.$bMinisterio de cultura y educación.$0(OLS)http://pul/name/29606 245 10$aPlan trienal para el sector educación en el contexto del Mercosur. 260 $aBuenos Aires :$b[s.n.],$c1992. 300 $a53 p. ;$c20 cm 490 1 $aSerie perspectiva internacional ;$v1 504 $aBibliografia in nota. 650 4$aEducazione.$0(OLS)http://pul/subject/4579 830 0$aSerie perspectiva internacional ;$v1.$0(OLS)http://pul/title/54015 850 $aPUL 852 $aPUL$W1$xSL Diritto e Scienze Sociali 1$y4$m179 C 84$j54353$nBK-PRI$b $qStampati$B54353$CPULBib$Z2$F54353 $H $81 941 1 $a8 961 $aINV: 70210 996 $6245$aPlan trienal para el sector educación en el contexto del Mercosur$9(OLS)http://pul/title/54014 996 $6260$aBuenos Aires :$b[s.n.]$9(OLS)http://pul/publisher/63361 LEADER 00990nam a2200229 u 4500 001 000000108151 003 CaOOAMICUS 005 20071108154415.0 008 071108s1998 it u000 u ita u 020 $a88-8025-151-1 040 $aPUL$bita$dLDB 245 00$aOnlus enti non commerciali e parrocchie /$ca cura dell'avvocatura generale Curia Arcivescovile di Milano. 260 $aMilano :$bCentro Ambrosiano,$cc1998. 300 $a285 p.; ;$c24 cm. 650 4$aEnti non economici.$0(OLS)http://pul/subject/20599 710 1 $aMilano (arcidiocesi).$0(OLS)http://pul/name/6050 850 $aPUL 852 $aPUL$W1$xSL Diritto e Scienze Sociali 1$y4$m176 C 49$j123060$qStampati$B122038$CPULBib$Z2$F122038 $H77811 $82 941 1 $a8 996 $6020$a88-8025-151-1$9(OLS)http://pul/number/136194 996 $6245$aOnlus enti non commerciali e parrocchie$9(OLS)http://pul/title/136113 996 $6260$aMilano :$bCentro Ambrosiano$9(OLS)http://pul/publisher/64424